000 00278nam a2200097Ia 4500
008 220204s9999 xx 000 0 und d
082 _a681.2
_bAND
245 0 _aApplied instrumentation in the process of industries: A survey. 3 V
260 _aHouston
_bGulf Pub
_c1974
942 _cBK
999 _c31941
_d31941